000 00429nam a22001577a 4500
005 20251108164333.0
008 250721s1973 xx 000 0 ara d
082 1 4 _a671.3/صبا
100 1 _aالصباغ، أحمد سالم
245 1 0 _aعمليات التشغيل /
264 1 _aالقاهره :
_bعالم الكتب،
_c1973.
300 _a294ص : مص
650 1 7 _aالمعادن
942 _2ddc
_cBK
999 _c9688
_d9688